| 000 | 00801nam a2200241Ia 4500 | ||
|---|---|---|---|
| 003 | GCL | ||
| 008 | 140319s9999 xx 000 0 ara d | ||
| 020 | _a6406208977 | ||
| 040 |
_aGCL / _cGCL |
||
| 082 | 0 | 4 |
_a190 _bح ف |
| 100 | 1 | _aحسن محمد الكحلانى | |
| 245 | 1 | 0 |
_aفلسفة التقدم : _bدراسة فى اتجاهات التقدم والقوى الفاعلة فى التاريخ / _cحسن محمد الكحلانى |
| 260 |
_aالقاهرة : _bمكتبة مدبولى ، _c2003 |
||
| 300 |
_a304 ص ؛ _c24 سم |
||
| 650 | 0 | 4 | _aالماركسية |
| 650 | 0 | 4 | _aالفلسفة |
| 650 | 0 | 4 | _aابن خلدون |
| 650 | 0 | 4 | _aاوجست كونت |
| 650 | 0 | 4 | _aافلاطون |
| 650 | 0 | 4 | _aالتقدم الاجتماعى |
| 650 | 0 | 4 | _aالسلفية |
| 942 |
_2ddc _cBK |
||
| 999 |
_c5482 _d5482 |
||